| 000 | 00341nam a2200133Ia 4500 | ||
|---|---|---|---|
| 008 | 240624s9999 xx 000 0 und d | ||
| 041 | _aeng | ||
| 082 | _a153 DEB | ||
| 100 | _aBONO EDWARD DE | ||
| 245 | _aTHINKING COURSE POWERFUL TOOLS TO TRANSF | ||
| 260 |
_c2007 _aEngland _bBBC Active |
||
| 300 | _a159 : p. : cm. ; 20 | ||
| 365 |
_cRS _b25 |
||
| 999 |
_c11498 _d11498 |
||